ARRUPE JESUIT UNIVERSITY

CORONAVIRUS -STOP THE SPREAD - CLEAN,DISINFECT,COVER

Cooperation between theologians and the ecclesistical magisterium: (Record no. 123724)

MARC details
000 -LEADER
fixed length control field 00902nam a22001817a 4500
008 - FIXED-LENGTH DATA ELEMENTS--GENERAL INFORMATION
fixed length control field 151104b xxu||||| |||| 00| 0 eng d
050 ## - LIBRARY OF CONGRESS CALL NUMBER
Classification number BX1938.B5C776
111 ## - MAIN ENTRY--MEETING NAME
Meeting name or jurisdiction name as entry element Canon Law Society of America
9 (RLIN) 20874
245 ## - TITLE STATEMENT
Title Cooperation between theologians and the ecclesistical magisterium:
Remainder of title a report of the joint committe of the Canon law society of America and the catholic theological society of America
Statement of responsibility, etc /by Canon Law society of America; Catholic theological society of America and edited by O'donovan, Leo J.
260 ## - PUBLICATION, DISTRIBUTION, ETC. (IMPRINT)
Place of publication, distribution, etc Washington DC.
Name of publisher, distributor, etc The Catholic University of America
Date of publication, distribution, etc 1982
300 ## - PHYSICAL DESCRIPTION
Extent 189p.
Dimensions 23cm.
650 ## - SUBJECT ADDED ENTRY--TOPICAL TERM
Topical term or geographic name as entry element Bishops (Canon law)
9 (RLIN) 20875
650 ## - SUBJECT ADDED ENTRY--TOPICAL TERM
Topical term or geographic name as entry element Theologians (canon law)
9 (RLIN) 20876
700 ## - ADDED ENTRY--PERSONAL NAME
Personal name Catholic Theological Society of America
Relator term joint author
9 (RLIN) 20877
700 ## - ADDED ENTRY--PERSONAL NAME
Personal name Canon Law Sociaty of America
9 (RLIN) 21032
700 ## - ADDED ENTRY--PERSONAL NAME
Personal name O'donovan, Leo J.
Relator term editor
9 (RLIN) 20878
942 ## - ADDED ENTRY ELEMENTS (KOHA)
Source of classification or shelving scheme Library of Congress Classification
Item type Monograph ( Printed materials)
Holdings
Withdrawn status Lost status Source of classification or shelving scheme Damaged status Not for loan Collection code Home library Current library Shelving location Date acquired Total Checkouts Full call number Barcode Date last seen Price effective from Koha item type
    Library of Congress Classification     Main Collection ARRUPE LIBRARY ARRUPE LIBRARY Main Collection 04/11/2015   BX1938.B5C776 80005002641 22/11/2017 04/11/2015 Monograph ( Printed materials)

 

Arrupe Library. PO Box MP320 Mt Pleasant, Harare, Zimbabwe
263 242 745411|librarian@aju.ac.zw